• 首页
  • 本馆介绍
  • 公告通知
  • 最新文献
  • 馆藏检索
  • 电子资源
  • 读者导购
  • 参考咨询
  • 我的图书馆
  • 登录
  • 详细信息显示
  • 放入我的书架
  • 预约/预借图书
  • 作者相关作品
  • 分类相关作品
  • 丛书相关作品
  • 出版社相关作品

书目信息

  • 表格格式
  • 工作单格式
  • 卡片格式
书名: 2006 CALIFORNIA ENVIRONMENTAL QUALITY ACT
作者: association of environmental professionals.
分册号:
分册名:
出版地: SACRAMENTO :
 
出版社: association of environmental professionals
出版时间: 2006.
页数: 284 p. ;
开本: 23cm.
丛书名:
中图分类号:
科图分类号:
其他分类号: X8
主题词:
电子资源:
000 00447nam 2200133 a 4500
001 E0752634981
005 20070707145046.40
008 070707s2006 00010 eng
040    @aPFT@beng
090    @aX8
099    @dX8@ex32
245    @a2006 CALIFORNIA ENVIRONMENTAL QUALITY ACT :@bstatutes and guidelines / @cassociation of environmental professionals.
260    @aSACRAMENTO :@bassociation of environmental professionals,@c2006.
300    @a284 p. ;@c23cm.
    
    2006 CALIFORNIA ENVIRONMENTAL QUALITY ACT : : statutes and guidelines / / association of environmental professionals.-SACRAMENTO : : association of environmental professionals, , 2006.
    284 p. ; ; 23cm.
    
    
    ISBN
    
●
相关链接 在E读中查询图书 在五车中查询图书 在当当中查询图书 在豆瓣中查询图书


正题名:2006 CALIFORNIA ENVIRONMENTAL QUALITY ACT     索取号:X8/x32         预约/预借

序号 登录号 条形码 馆藏地/架位号 状态 备注
1 0010939   300109399   第二样本阅览室/ [索取号:X8/x32] 在馆    
2 0010940   300109406   第四借阅区/ [索取号:X8/x32] 在馆    
3 0010941   300109415   第四借阅区/ [索取号:X8/x32] 在馆    
唐山师范学院图书馆 欢迎您!
大连网信软件有限公司© 版权所有